Toward an anthropology of women

Αποθηκεύτηκε σε:
Λεπτομέρειες βιβλιογραφικής εγγραφής
Άλλοι συγγραφείς: Reiter, Rayna R. (Επιμελητής έκδοσης)
Μορφή: Βιβλίο
Γλώσσα:English
Δημοσίευση: New York : Monthly Review , [1975]
Θέματα:
Ετικέτες: Προσθήκη ετικέτας
Δεν υπάρχουν, Καταχωρήστε ετικέτα πρώτοι!

MARC

LEADER 00000nam a2200000 i 4500
001 1/87585
008 960524s1975 eng d
020 |a 0-85345-399-3 
035 |l 10006750 
040 |a GR-MY-UA  |b gre  |e aacr 
041 0 |a eng 
082 0 |a 305.4 
245 1 0 |a Toward an anthropology of women /  |c Edited by Rayna R. Reiter 
260 |a New York :   |b Monthly Review ,   |c [1975] 
300 |a 416 p.;  |c 21 cm 
504 |a Bibliography: p. 396-416 
650 0 0 |a Women. 
650 0 0 |a Sex role. 
700 1 |a Reiter, Rayna R.  |4 edt 
852 |a INST  |b LESVOS  |e 19960524  |h 305.4 TOW  |p 005100024756  |q 005100024756  |t BK  |y 0 
852 |a INST  |b LESVOS  |e 20231102  |h 305.4 TOW  |p 005100065687  |q 005100065687  |t BK  |y 0 
909 |a Λ  |b 010159